<?xml version="1.0" encoding="UTF-8"?>
<record
    xmlns:xsi="http://www.w3.org/2001/XMLSchema-instance"
    xsi:schemaLocation="http://www.loc.gov/MARC21/slim http://www.loc.gov/standards/marcxml/schema/MARC21slim.xsd"
    xmlns="http://www.loc.gov/MARC21/slim">

  <leader>00815nam a22002057a 4500</leader>
  <controlfield tag="005">20220404153637.0</controlfield>
  <controlfield tag="008">220329b           ||||| |||| 00| 0 eng d</controlfield>
  <datafield tag="020" ind1=" " ind2=" ">
    <subfield code="a">9781071605509</subfield>
  </datafield>
  <datafield tag="040" ind1=" " ind2=" ">
    <subfield code="c">AL</subfield>
  </datafield>
  <datafield tag="041" ind1=" " ind2=" ">
    <subfield code="a">eng</subfield>
  </datafield>
  <datafield tag="082" ind1=" " ind2=" ">
    <subfield code="2">23</subfield>
    <subfield code="a">547.77</subfield>
    <subfield code="b">GUNF</subfield>
  </datafield>
  <datafield tag="100" ind1=" " ind2=" ">
    <subfield code="a">Gunstone F D</subfield>
    <subfield code="9">26450</subfield>
  </datafield>
  <datafield tag="245" ind1=" " ind2=" ">
    <subfield code="a">Fatty Acid and Lipid Chemistry</subfield>
  </datafield>
  <datafield tag="260" ind1=" " ind2=" ">
    <subfield code="a">New York</subfield>
    <subfield code="b">Chapman and Hall Food Science Book</subfield>
    <subfield code="c">2020</subfield>
  </datafield>
  <datafield tag="300" ind1=" " ind2=" ">
    <subfield code="a">xi,252p.</subfield>
    <subfield code="b">HB</subfield>
    <subfield code="c">23.5x16cm.</subfield>
  </datafield>
  <datafield tag="365" ind1=" " ind2=" ">
    <subfield code="2">General</subfield>
    <subfield code="a">6469</subfield>
    <subfield code="b">&#x20B9;1996.00</subfield>
    <subfield code="c">&#x20B9;</subfield>
    <subfield code="d">&#x20B9;2495.00</subfield>
    <subfield code="e">20%</subfield>
    <subfield code="f">12/03/2022</subfield>
  </datafield>
  <datafield tag="520" ind1=" " ind2=" ">
    <subfield code="a">This book has a pedigree. It has developed from earlier publications by the author and from his experience over 50 years in reading, writing, thinking, and working with lipids and fatty acids. </subfield>
  </datafield>
  <datafield tag="650" ind1=" " ind2=" ">
    <subfield code="2"> Macromolecular and related compounds </subfield>
    <subfield code="a">Chemistry</subfield>
    <subfield code="9">27414</subfield>
  </datafield>
  <datafield tag="942" ind1=" " ind2=" ">
    <subfield code="2">ddc</subfield>
    <subfield code="c">BK</subfield>
  </datafield>
  <datafield tag="999" ind1=" " ind2=" ">
    <subfield code="c">222086</subfield>
    <subfield code="d">222086</subfield>
  </datafield>
  <datafield tag="952" ind1=" " ind2=" ">
    <subfield code="0">0</subfield>
    <subfield code="1">0</subfield>
    <subfield code="2">ddc</subfield>
    <subfield code="4">0</subfield>
    <subfield code="7">0</subfield>
    <subfield code="8">AC</subfield>
    <subfield code="a">SACPG</subfield>
    <subfield code="b">SACPG</subfield>
    <subfield code="d">2022-03-14</subfield>
    <subfield code="e">Biblios Book Point </subfield>
    <subfield code="g">1996.00</subfield>
    <subfield code="l">0</subfield>
    <subfield code="o">547.77 GUNF</subfield>
    <subfield code="p">PG023879</subfield>
    <subfield code="r">2022-08-24 00:00:00</subfield>
    <subfield code="v">2495.00</subfield>
    <subfield code="w">2022-12-03</subfield>
    <subfield code="y">BK</subfield>
  </datafield>
</record>
